The noble scholar, jurist, historian


 His Excellency Dr. Abdul Wahhab bin Ibrahim Abu Sulaiman, may Allah have mercy on him.


 He was born in Umm Al-Qura in the year 1356 AH.

الدليل الشرعي للتمويل العقاري بالمرابحة والإجارة : (Record no. 3806)

MARC details
000 -LEADER
fixed length control field 03930cam a2200385 i 4500
003 - CONTROL NUMBER IDENTIFIER
control field SA-RiAUC
005 - DATE AND TIME OF LATEST TRANSACTION
control field 20241223073925.0
008 - FIXED-LENGTH DATA ELEMENTS--GENERAL INFORMATION
fixed length control field 241220s2015____su f 000 0 ara c
020 ## - INTERNATIONAL STANDARD BOOK NUMBER
International Standard Book Number 9786038100806
024 0# - OTHER STANDARD IDENTIFIER
Standard number or code 00000000971476
024 0# - OTHER STANDARD IDENTIFIER
Standard number or code 00000000339017
040 ## - CATALOGING SOURCE
Original cataloging agency SA-RiKAPL
Language of cataloging ara
Transcribing agency SA-RiAUC
Modifying agency AE-DuMBRL
Description conventions rda
082 04 - DEWEY DECIMAL CLASSIFICATION NUMBER
Classification number 214.332632
Assigning agency SA-RiAUC
090 ## - LOCALLY ASSIGNED LC-TYPE CALL NUMBER (OCLC); LOCAL CALL NUMBER (RLIN)
Classification number (OCLC) (R) ; Classification number, CALL (RLIN) (NR) 214.332632
Local cutter number (OCLC) ; Book number/undivided call number, CALL (RLIN) ب ن ك
110 2# - MAIN ENTRY--CORPORATE NAME
Corporate name or jurisdiction name as entry element بنك البلاد.
Subordinate unit أمانة الهيئة الشرعية
Relator term مؤلف.
245 12 - TITLE STATEMENT
Title الدليل الشرعي للتمويل العقاري بالمرابحة والإجارة :
Remainder of title دليل إرشادي مقدم للمكاتب العقارية وعملاء التمويل /
Statement of responsibility, etc. إعداد أمانة الهيئة الشرعية ببنك البلاد.
250 ## - EDITION STATEMENT
Edition statement الطبعة الأولى.
264 #1 - PRODUCTION, PUBLICATION, DISTRIBUTION, MANUFACTURE, AND COPYRIGHT NOTICE
Place of production, publication, distribution, manufacture الرياض :
Name of producer, publisher, distributor, manufacturer دار الميمان للنشر والتوزيع :
-- بنك البلاد،
Date of production, publication, distribution, manufacture, or copyright notice 2015
300 ## - PHYSICAL DESCRIPTION
Extent 79 صفحة ؛
Dimensions 24 × 17 سم.
336 ## - CONTENT TYPE
Content type term نص
Content type code txt
Source rdacontent
Materials specified كتاب
337 ## - MEDIA TYPE
Media type term بدون وسيط
Media type code n
Source rdamedia
338 ## - CARRIER TYPE
Carrier type term مجلد
Carrier type code nc
Source rdacarrier
490 0# - SERIES STATEMENT
Series statement سلسلة مطبوعات المجموعة الشرعية ؛
Volume/sequential designation (12)
500 ## - GENERAL NOTE
General note الصف والإخراج الطباعي : دار الميمان للنشر والتوزيع.
520 ## - SUMMARY, ETC.
Summary, etc. يتناول كتاب (الدليل الشرعي للتمويل العقاري) والذي قامت بإعداده أمانة الهيئة الشرعية، موضوع (دليل التمويل العقاري) الكتاب دليل إرشادي يعني ببيان الأحكام الشرعية، لجملة من مسائل التمويل العقاري، التي يكثر عنها السؤال، وتمس إليها الحاجة بسبب عدم انضباط بعض الممارسات في السوق العقارية بالضوابط الشرعية، مما قد يوقع المتعامل في المحظور. وقد الدليل على أبرز المسائل لأشهر صيغتين من صيغ التمويل العقاري، وهما: صيغة المرابحة للآمر بالشراء (بيع التقسيط)، وصيغة الإجارة التمويلية (الإجارة المنتهية بالتمليك).
520 ## - SUMMARY, ETC.
Summary, etc. هذا الكتاب دليل إرشادي عملي لعملاء التمويل ووسطاء العقار يفيد منه موظفو المؤسسات التمويلية وملاك العقار يعني الدليل ببيان الأحكام الشرعية لجملة من مسائل التمويل العقاري التي يكثر عنها السؤال وتمس إليهـا الحاجة بسبب عدم انضباط بعض الممارسات في السوق العقارية بالضوابط الشرعي، مما قد يوقع المتعامل في المحظور لا سيما أنه لا سبيل لغالب الناس اليوم إلى تملك المساكن إلا عن طريق التمويل اقتصر الدليل على أبرز المسائل لأشهر صيغتين من صيغ التمويل العقاري وهما صيغة المرابحة للأمر بالشراء (بيع التقسيط) وصيغة الإجارة التمويلية الإجارة المنتهية بالتمليك) اشتمل عرض المسائل على تصوير لها ثم بيان حكمها الشرعي مع إيراد بعض التنبيهات والتعريفات عند الحاجة.
650 #7 - SUBJECT ADDED ENTRY--TOPICAL TERM
Topical term or geographic name entry element المرابحة (فقه إسلامي)
Source of heading or term aucsh
650 #7 - SUBJECT ADDED ENTRY--TOPICAL TERM
Topical term or geographic name entry element الإجارة (فقه إسلامي)
Source of heading or term aucsh
650 #7 - SUBJECT ADDED ENTRY--TOPICAL TERM
Topical term or geographic name entry element الإسلام وقروض الرهن
Source of heading or term aucsh
650 #7 - SUBJECT ADDED ENTRY--TOPICAL TERM
Topical term or geographic name entry element الرهن العقاري
Source of heading or term aucsh
856 42 - ELECTRONIC LOCATION AND ACCESS
Materials specified Book Cover
Electronic format type JPEG
Uniform Resource Identifier <a href="https://library.ithra.com/bc/00000000339017.jpeg">https://library.ithra.com/bc/00000000339017.jpeg</a>
Public note <CLICK_TO_VIEW_BOOK_COVER>
856 42 - ELECTRONIC LOCATION AND ACCESS
Materials specified Table of contents
Electronic format type PDF
Uniform Resource Identifier <a href="https://library.ithra.com/pdf/.pdf">https://library.ithra.com/pdf/.pdf</a>
Public note <CLICK_TO_ACCESS_TOC>
942 ## - ADDED ENTRY ELEMENTS (KOHA)
Source of classification or shelving scheme Dewey Decimal Classification
Koha item type Books
Suppress in OPAC No
949 ## - LOCAL PROCESSING INFORMATION (OCLC)
a SA-JeALM
d 241220
u mohamedma123
n 1
Holdings
Withdrawn status Lost status Source of classification or shelving scheme Damaged status Not for loan Home library Current library Date acquired Total checkouts Full call number Barcode Date last seen Price effective from Koha item type
    Dewey Decimal Classification     DR AbdElwahab Library DR AbdElwahab Library 12/23/2024   214.332632 ب ن ك 000006024 12/23/2024 12/23/2024 Books